Études rurales, juil.-déc. 1996, 143-144 : Dieux du sol en Asie, Textes réunis et présentés par Bernard Formoso, Paris, Éditions de l’EHESS, 176 p., ill. (notice n° 1643075)
[ vue normale ]
| 000 -LEADER | |
|---|---|
| fixed length control field | 00579cam a2200145 4500500 |
| 005 - DATE AND TIME OF LATEST TRANSACTION | |
| control field | 20260201151805.0 |
| 041 ## - LANGUAGE CODE | |
| Language code of text/sound track or separate title | fre |
| 042 ## - AUTHENTICATION CODE | |
| Authentication code | dc |
| 100 10 - MAIN ENTRY--PERSONAL NAME | |
| Personal name | Kaplanian, Patrick |
| Relator term | author |
| 245 00 - TITLE STATEMENT | |
| Title | Études rurales, juil.-déc. 1996, 143-144 : Dieux du sol en Asie, Textes réunis et présentés par Bernard Formoso, Paris, Éditions de l’EHESS, 176 p., ill. |
| 260 ## - PUBLICATION, DISTRIBUTION, ETC. | |
| Date of publication, distribution, etc. | 2001.<br/> |
| 500 ## - GENERAL NOTE | |
| General note | 17 |
| 786 0# - DATA SOURCE ENTRY | |
| Note | L'Homme | 158-159 | 2 | 2001-09-01 | p. 383zg-488zg | 0439-4216 |
| 856 41 - ELECTRONIC LOCATION AND ACCESS | |
| Uniform Resource Identifier | <a href="https://shs.cairn.info/revue-l-homme-2001-2-page-383zg?lang=fr&redirect-ssocas=7080">https://shs.cairn.info/revue-l-homme-2001-2-page-383zg?lang=fr&redirect-ssocas=7080</a> |
Pas d'exemplaire disponible.




Réseaux sociaux